<?xml version="1.0" encoding="UTF-8"?>
<record
    xmlns:xsi="http://www.w3.org/2001/XMLSchema-instance"
    xsi:schemaLocation="http://www.loc.gov/MARC21/slim http://www.loc.gov/standards/marcxml/schema/MARC21slim.xsd"
    xmlns="http://www.loc.gov/MARC21/slim">

  <leader>00529nam a22001817a 4500</leader>
  <controlfield tag="001">2911</controlfield>
  <controlfield tag="003">HMS</controlfield>
  <controlfield tag="005">20251029143305.0</controlfield>
  <controlfield tag="008">251029e        spaa|||jr|||| 00| f spa  </controlfield>
  <datafield tag="040" ind1=" " ind2=" ">
    <subfield code="a">hms</subfield>
    <subfield code="b">spa</subfield>
    <subfield code="c">hms</subfield>
  </datafield>
  <datafield tag="082" ind1="0" ind2="4">
    <subfield code="a">S833 S772</subfield>
  </datafield>
  <datafield tag="100" ind1="1" ind2=" ">
    <subfield code="a">Spyri, Johanna, </subfield>
    <subfield code="d">1827-1901</subfield>
    <subfield code="e">autor</subfield>
    <subfield code="9">4581</subfield>
  </datafield>
  <datafield tag="245" ind1="1" ind2="0">
    <subfield code="a">Heidi / </subfield>
    <subfield code="c">Johanna Spyri </subfield>
    <subfield code="h">[libro]</subfield>
  </datafield>
  <datafield tag="260" ind1=" " ind2=" ">
    <subfield code="a">Espa&#xF1;a :</subfield>
    <subfield code="b">Editorial Molino,</subfield>
    <subfield code="c">1965</subfield>
  </datafield>
  <datafield tag="300" ind1=" " ind2=" ">
    <subfield code="a">143 p&#xE1;ginas :</subfield>
    <subfield code="b">ilustraciones ;</subfield>
    <subfield code="c">21 cm.</subfield>
  </datafield>
  <datafield tag="650" ind1=" " ind2="7">
    <subfield code="a">Cuentos infantiles suizos (Alem&#xE1;n)</subfield>
    <subfield code="9">4582</subfield>
  </datafield>
  <datafield tag="942" ind1=" " ind2=" ">
    <subfield code="2">ddc</subfield>
    <subfield code="c">COL GRAL</subfield>
    <subfield code="n">0</subfield>
  </datafield>
  <datafield tag="999" ind1=" " ind2=" ">
    <subfield code="c">2911</subfield>
    <subfield code="d">2911</subfield>
  </datafield>
  <datafield tag="952" ind1=" " ind2=" ">
    <subfield code="0">0</subfield>
    <subfield code="1">0</subfield>
    <subfield code="2">ddc</subfield>
    <subfield code="4">0</subfield>
    <subfield code="7">0</subfield>
    <subfield code="8">Col. Res.</subfield>
    <subfield code="a">BHMS</subfield>
    <subfield code="b">BHMS</subfield>
    <subfield code="c">DISPLAY</subfield>
    <subfield code="d">2025-10-29</subfield>
    <subfield code="e">Donaci&#xF3;n</subfield>
    <subfield code="i">001186</subfield>
    <subfield code="l">0</subfield>
    <subfield code="o">S833 S772 1965</subfield>
    <subfield code="p">001186</subfield>
    <subfield code="r">2025-10-29 10:23:00</subfield>
    <subfield code="t">c.1</subfield>
    <subfield code="w">2025-10-29</subfield>
    <subfield code="y">CP</subfield>
  </datafield>
</record>
